The hungry ghosts / (Record no. 494)

MARC details
000 -LEADER
fixed length control field 01598cam a2200337 a 4500
001 - CONTROL NUMBER
control field 494
003 - CONTROL NUMBER IDENTIFIER
control field FISKH
005 - DATE AND TIME OF LATEST TRANSACTION
control field 20250605085807.0
008 - FIXED-LENGTH DATA ELEMENTS--GENERAL INFORMATION
fixed length control field 080229s2009 nyua b 000 1 eng
010 ## - LIBRARY OF CONGRESS CONTROL NUMBER
LC control number 2008008695
020 ## - INTERNATIONAL STANDARD BOOK NUMBER
International Standard Book Number 9780803725133
040 ## - CATALOGING SOURCE
Original cataloging agency DLC
Transcribing agency DLC
Modifying agency DLC
-- FISKH
Language of cataloging eng
042 ## - AUTHENTICATION CODE
Authentication code lcac
050 00 - LIBRARY OF CONGRESS CALL NUMBER
Classification number PZ7.L5629
Item number Hu 2009
082 00 - DEWEY DECIMAL CLASSIFICATION NUMBER
Classification number 507
Edition number 22
100 1# - MAIN ENTRY--PERSONAL NAME
Personal name Lester, Julius.
245 14 - TITLE STATEMENT
Title The hungry ghosts /
Statement of responsibility, etc. Julius Lester ; pictures by Geraldo Valério.
260 ## - PUBLICATION, DISTRIBUTION, ETC.
Place of publication, distribution, etc. New York :
Name of publisher, distributor, etc. Dial Books for Young Readers,
Date of publication, distribution, etc. 2009.
300 ## - PHYSICAL DESCRIPTION
Extent 19 leaves of plates :
Other physical details color illustrations :
Dimensions 29 cm.
505 ## - FORMATTED CONTENTS NOTE
Formatted contents note F
520 ## - SUMMARY, ETC.
Summary, etc. Front Cover<br/>Julius Lester<br/>Dial Books for Young Readers, 2009 - 40 pages<br/>1 Review<br/>There are ghosts in the cemetery near Malcolm David's house, and they're filling the air with their spooky OOOOOs and EEEEEs and ARRRRs. When Malcolm David dares to go looking for them late one night, he is surprised to discover that the eerie howling is actually coming from the ghosts? empty stomachs. They're not trying to scare anybody? they're just hungry, and they don't know what it is that ghosts are supposed to eat!
521 8# - TARGET AUDIENCE NOTE
Target audience note 400 <br/>
Source Lexile
521 8# - TARGET AUDIENCE NOTE
Target audience note F <br/>
Source Raz-Plus
650 #1 - SUBJECT ADDED ENTRY--TOPICAL TERM
Topical term or geographic name entry element Ghosts
Form subdivision Fiction.
650 #1 - SUBJECT ADDED ENTRY--TOPICAL TERM
Topical term or geographic name entry element Night
Form subdivision Fiction.
700 1# - ADDED ENTRY--PERSONAL NAME
Personal name Valério, Geraldo,
Dates associated with a name 1970-
Relator term ill.
856 42 - ELECTRONIC LOCATION AND ACCESS
Materials specified Publisher description
Uniform Resource Identifier <a href="http://www.loc.gov/catdir/enhancements/fy0906/2008008695-d.html">http://www.loc.gov/catdir/enhancements/fy0906/2008008695-d.html</a>
906 ## - LOCAL DATA ELEMENT F, LDF (RLIN)
a 7
b cbc
c orignew
d 1
e ecip
f 20
g y-gencatlg
942 ## - ADDED ENTRY ELEMENTS (KOHA)
Source of classification or shelving scheme Dewey Decimal Classification
Koha item type Books
Suppress in OPAC No
Holdings
Withdrawn status Lost status Source of classification or shelving scheme Damaged status Not for loan Collection Home library Current library Shelving location Date acquired Total Checkouts Full call number Barcode Date last seen Date last checked out Price effective from Koha item type Public note Copy number
Withdrawn   Dewey Decimal Classification     Juvenile Fiction Footprints International School Library Network Toul Kork Campus Footprints International School Library Network Toul Kork Campus   05/03/2023 3 LES 507 PZ7.L5629 FISTK01448 06/11/2024 02/02/2024 05/03/2023 Books Lost  
    Dewey Decimal Classification     Juvenile Fiction Footprints International School Library Network Toul Tom Poung Campus Footprints International School Library Network Toul Tom Poung Campus TTP Primary Dark Blue Bookshelves 06/05/2025   LES 507 PZ7.L5629 2025-1517 06/05/2025   06/05/2025 Books   2